Les champions du monde passés par le PSG - Statistiques

Statistiques générales
  • Ce quiz a été pris 2 411 fois
    653 depuis la dernière actualisation
  • Le résultat moyen est 11 sur 20
Statistiques - réponses
Année Pays Joueurs % Correct
2018 France Kylian Mbappe
96%
2022 Argentine Lionel Messi
96%
2022 Argentine Angel Di Maria
82%
2002 Brésil Ronaldinho
82%
2018 France Ousmane Dembélé
77%
2014 Allemagne Julian Draxler
75%
2018 France Presnel Kimpembe
75%
2022 Argentine Leandro Paredes
70%
2018 France Lucas Hernandez
68%
2018 France Blaise Matuidi
66%
2018 France Alphonse Areola
61%
2006 Italie Gianluigi Buffon
54%
2010 Espagne Sergio Ramos
50%
1994 Brésil Rai
49%
1998 France Bernard Lama
32%
1998 France Youri Djorkaeff
26%
1994 Brésil Leonardo
15%
2002 Brésil Vampeta
4%
1978 Argentine Osvaldo Ardiles
1%
1970 Brésil Joel Camargo
0%
Aucun quiz correspondant
Distribution des résultats
% des personnes avec chaque résultat
Percentile par nombre de réponses
Votre historique - résultats
Vous n’avez pas pris ce quiz depuis la dernière actualisation